00769nam a2200217Ia 4500003000900000008004100009020002200050040001600072080001700088100003000105245009200135260007200227300001500299650002200314650001700336650001600353700002900369942000700398999001700405952012900422IN-BaIIA211028s9999 xx 000 0 eng d a978-81-89220-26-6 cIIA Library a521.842bBAL aBalachandra Rao, S918001 0aTransits and occultations in Indian astronomycS. Balachandra Rao and Padmaja Venugopal aBangalorebBhavan's Gandhi Centre of Science and Human Valuesc2009 axii, 118p. aAstrophysics9794 aSolar System aVenus91328 aVenugpal, Padmaja935181 cBK c18359d18359 00104070aBANbBANcGENd2012-09-05eS g75.00l0o521.842/ BALp19281r2021-11-05v75.00w2012-09-05yBKGRs. 75.00